Kass Jánost köszönti a Mozaik Kiadó 79. születésnapját ünnepli a Kossuth-díjas grafikus /
Elmentve itt :
| Szerző: | |
|---|---|
| Dokumentumtípus: | Cikk |
| Megjelent: |
2006-12-28
|
| Sorozat: | Délmagyarország
96 No. 302 |
| Kulcsszavak: | Kass János 1927-, Szeged, Képzőművészet grafikus Szeged |
| Online Access: | http://dmarchiv.bibl.u-szeged.hu/137482 |
| LEADER | 00561nab a2200157 i 4500 | ||
|---|---|---|---|
| 001 | delm137482 | ||
| 005 | 20191205100248.0 | ||
| 008 | 191205s2006 hu o 0|| hun d | ||
| 040 | |a SZTE Délmagyarország Archívum |b hun | ||
| 041 | |a hun | ||
| 100 | 1 | |a Kass János | |
| 245 | 1 | 0 | |a Kass Jánost köszönti a Mozaik Kiadó |h [elektronikus dokumentum] : |b 79. születésnapját ünnepli a Kossuth-díjas grafikus / |c Kass János |
| 260 | |c 2006-12-28 | ||
| 300 | |a 4 | ||
| 490 | 0 | |a Délmagyarország |v 96 No. 302 | |
| 695 | |a Kass János 1927-, Szeged, Képzőművészet grafikus Szeged | ||